000 01195nam a2200313 i 4500
003 EG-GICUC
005 20260121101715.0
008 260111s1983 ua d|||fr|||| 00| 0 ara d
040 _a EG-GICUC
_bara
_c EG-GICUC
_d EG-GICUC
_erda
041 0 _aara
082 0 4 _221
_a345.4391
_bع د . ت
092 0 4 _221
099 _aLaw1 07 345.4391 ع د . ت 1 ed - 1983
100 0 _aعدلي خليل
_eمؤلف.
245 1 2 _aالتعليق على نصوص قانون نظام العاملين بالقطاع العام /
_cالمستشار عدلي خليل.
250 _aالطبعة الأولى
264 1 _aطنطا :
_bالمكتبة القومية الحديثية،
_c1983.
300 _a558 صفحة :
_bإيضاحيات؛
_c24 سم.
336 _2rda content
_atext
337 _2rda media
_aComputer
338 _2rda carrier
_aOnline Resource
504 _aيشتمل على إرجاعات ببليوجرافية.
546 _aالنص باللغة العربية
650 1 4 _aتصحيح أوضاع العاملين
650 1 4 _aالقانون الإداري
856 4 0 _uhttps://fll.law.cu.edu.eg/fulltext/bks/B07-01438.pdf
905 _a32
942 _2ddc
_cBK
_e21
_n0
999 _c56224
_d56224